| 000 | 00438nam a22001697a 4500 | ||
|---|---|---|---|
| 005 | 20180206161233.0 | ||
| 008 | 160429b xxu||||| |||| 00| 0 eng d | ||
| 020 | _a81-722080-2 | ||
| 041 | _aeng | ||
| 082 |
_b00815 _a005.44 |
||
| 100 |
_aWillis, Will and others _94113 |
||
| 245 | _aMCSE Windows 2000 Directory Services | ||
| 260 |
_aNew Delhi _bDreamtech, _c2000 |
||
| 300 | _a425 | ||
| 650 |
_aInformation Technology _9137 |
||
| 942 | _cBK | ||
| 999 |
_c267 _d267 |
||